Máximos goleadores del Real Madrid (2010 - 2025) - Estadísticas

Estadísticas generales
  • Esta prueba ha sido intentada 469 veces
  • La puntuación promedio es 19 de 25
Estadísticas de respuestas
Goles Jugador % Correcto
450 Cristiano Ronaldo
100%
354 Karim Benzema
99%
43 Luka Modric
97%
106 Vinícius Jr.
97%
106 Gareth Bale
96%
77 Sergio Ramos
96%
28 Toni Kroos
94%
68 Rodrygo
92%
44 Kylian Mbappé
88%
34 Marcelo
86%
31 Casemiro
84%
36 Ángel Di María
80%
53 Isco
78%
86 Gonzalo Higuaín
76%
61 Marco Asensio
74%
38 Jude Bellingham
73%
27 Mesut Özil
66%
32 Federico Valverde
65%
37 James Rodríguez
62%
31 Álvaro Morata
61%
19 Joselu Mato
57%
38 Lucas Vázquez
52%
20 Brahim Díaz
46%
29 Kaká
42%
20 José Callejón
23%
No se encontraron pruebas coincidentes
Distribución de puntuación
Porcentaje de gente con cada puntuación
Porcentaje por número respondido
Historial de tus puntuaciones
No has intentado esta prueba.